English communication arts and skills through world literature IV (Record no. 7318)

MARC details
000 -LEADER
fixed length control field 00748nam a22002177a 4500
003 - CONTROL NUMBER IDENTIFIER
control field OSt
005 - DATE AND TIME OF LATEST TRANSACTION
control field 20260305080132.0
008 - FIXED-LENGTH DATA ELEMENTS--GENERAL INFORMATION
fixed length control field 260113b |||||||| |||| 00| 0 eng d
020 ## - INTERNATIONAL STANDARD BOOK NUMBER
International Standard Book Number 978-971-06-3103-2
040 ## - CATALOGING SOURCE
Original cataloging agency DWCL-Main Lib
Transcribing agency OC
082 ## - DEWEY DECIMAL CLASSIFICATION NUMBER
Classification number Res. 808.8 Se487 2011
100 ## - MAIN ENTRY--PERSONAL NAME
Personal name Lapid,Milagros G. / JOSEPHINE B. SERRANO
245 ## - TITLE STATEMENT
Title English communication arts and skills through world literature IV
260 ## - PUBLICATION, DISTRIBUTION, ETC.
Place of publication, distribution, etc. Quezon City:
Name of publisher, distributor, etc. Phoenix Publishing House, Inc.,
Date of publication, distribution, etc. c2011.
300 ## - PHYSICAL DESCRIPTION
Extent ix, 373 p.:
Other physical details ill.;
Dimensions 26 cm.
504 ## - BIBLIOGRAPHY, ETC. NOTE
Bibliography, etc. note Includes index and glossary.
650 ## - SUBJECT ADDED ENTRY--TOPICAL TERM
Topical term or geographic name entry element World literature
650 ## - SUBJECT ADDED ENTRY--TOPICAL TERM
Topical term or geographic name entry element World literature
650 ## - SUBJECT ADDED ENTRY--TOPICAL TERM
Topical term or geographic name entry element World literature-study and teaching(secondary)- Philippines.
942 ## - ADDED ENTRY ELEMENTS (KOHA)
Source of classification or shelving scheme Dewey Decimal Classification
Koha item type Book- Reserved
Edition 6th ed.
Suppress in OPAC No
Call number suffix Res.
952 ## - LOCATION AND ITEM INFORMATION (KOHA)
--
952 ## - LOCATION AND ITEM INFORMATION (KOHA)
--
952 ## - LOCATION AND ITEM INFORMATION (KOHA)
--
952 ## - LOCATION AND ITEM INFORMATION (KOHA)
--
Holdings
Withdrawn status Lost status Source of classification or shelving scheme Damaged status Not for loan Home library Current library Shelving location Date acquired Source of acquisition Total Checkouts Full call number Barcode Date last seen Copy number Price effective from Koha item type Uniform Resource Identifier
    Dewey Decimal Classification     Junior High School Library Junior High School Library Reserved 08/01/2011 Library Fund   Res. 808.8 Se487 JHS - 16014 01/13/2026 c4 01/13/2026 BK - FIL
    Dewey Decimal Classification     Junior High School Library Junior High School Library Reserved 08/01/2011 Library Fund   Res. 808.8 Se487 JHS - 16013 01/13/2026 c3 01/13/2026 BK - FIL
    Dewey Decimal Classification     Junior High School Library Junior High School Library Reserved 08/01/2011 Library Fund   Res. 808.8 Se487 JHS - 16012 01/13/2026 c2 01/13/2026 BK - FIL
    Dewey Decimal Classification     Junior High School Library Junior High School Library Reserved 08/01/2011 Donation   Res. 808.8 Se487 JHS - 15959 01/20/2026 c1 01/20/2026 BK - FIL